Burnley Squad 2026 - Statistics

General Stats
  • This quiz has been taken 8 times
  • The average score is 14 of 30
Answer Stats
Nation Age Position Answer % Correct
Slovakia 36 GK Martin Dubravka
100%
Albania 24 ST Armando Broja
86%
England 35 RB Kyle Walker
86%
South Africa 25 ST Lyle Foster
86%
DR Congo 28 CB Axel Tuanzebe
71%
Tunisia 22 CAM Hannibal
71%
France 23 CB Maxime Esteve
71%
Switzerland 25 ST Zeki Amdouni
71%
England 36 ST Ashley Barnes
57%
Sweden 27 CB Hjalmar Ekdal
57%
Germany 25 CB Jordan Beyer
57%
Brazil 24 LB Lucas Pires
57%
Germany 21 GK Max Weiß
57%
Peru 25 RB Oliver Sonne
57%
Netherlands 24 LB Quilindschy Hartman
57%
Wales 30 RB Connor Roberts
43%
Portugal 26 CDM Florentino
43%
Ireland 29 CM Josh Cullen
43%
Belgium 26 CAM Mike Tresor
43%
Netherlands 27 ST Zian Flemming
43%
England 22 CB Bashir Humphreys
29%
Denmark 27 LW Jacob Bruun Larsen
29%
France 21 CDM Lesley Ugochukwu
29%
England 27 RW Marcus Edwards
29%
Czechia 35 GK Vaclav Hladky
29%
England 26 LW Jaidon Anthony
14%
England 30 CM Josh Laurent
14%
France 22 RW Loum Tchaouna
14%
Haiti 26 CB Hannes Delcroix
0%
England 28 CB Joe Worrall
0%
No matching quizzes found
Score Distribution
Percent of People with Each Score
Percentile by Number Answered
Your Score History
You have not taken this quiz